[Event "Kuala Lumpur op 4th"]
[Site "Kuala Lumpur"]
[Date "2007.08.22"]
[Round "6"]
[White "Lim, Kian Hwa"]
[Black "Constance, James"]
[Result "0-1"]
[WhiteElo "2062"]
[BlackElo "2205"]
[PlyCount "90"]
[EventDate "2007.08.20"]
[EventType "swiss"]
[EventRounds "11"]
[EventCountry "MAS"]
[SourceTitle "CBM 120 Extra"]
[Source "ChessBase"]
[SourceDate "2007.11.01"]
[SourceVersion "1"]
[SourceVersionDate "2007.11.01"]
[SourceQuality "1"]

1. e4 e6 2. d4 d5 3. Nc3 Bb4 4. e5 b6 5. f4 c6 6. Bd2 Qd7 7. Nge2 Ba6 8. g4 h5 9. gxh5 Rxh5 10. Ng3 Rh4 11. Nce2 Be7 12. Bg2 Rh8 13. 0-0 g6 14. h3 Nh6 15. Rf3 c5 16. c3 Nc6 17. Be3 Rc8 18. Qd2 cxd4 19. Nxd4 Na5 20. b3 Nb7 21. f5 Nxf5 22. Ngxf5 gxf5 23. b4 Bc4 24. Re1 Rg8 25. Kh2 Qa4 26. Nxf5 exf5 27. Rxf5 Nd8 28. Bxd5 Bxd5 29. Qxd5 Qc2+ 30. Rf2 Qxc3 31. Rfe2 Qc6 32. Qd3 Rh8 33. Bf4 Qc4 34. Qf5 Qe6 35. Qd3 Rc4 36. Re4 Rxe4 37. Rxe4 Qxa2+ 38. Re2 Qa4 39. Rd2 Qxb4 40. Qd7+ Kf8 41. Rf2 Qc3 42. Bg3 Qc6 43. Qxa7 Qe6 44. Rf3 Qxh3+ 45. Kg1 Bc5+ 0-1

[Event "IECG CM.2005.0.00274 email"]
[Site "IECG email"]
[Date "2005.04.24"]
[Round "?"]
[White "Lafarga Santorroman, David"]
[Black "Constance, James"]
[Result "1/2-1/2"]
[WhiteElo "2535"]
[BlackElo "2289"]
[PlyCount "65"]
[EventDate "2005.04.24"]
[EventType "tourn (corr)"]
[EventRounds "6"]
[SourceTitle "Corr 2008"]
[Source "ChessBase"]
[SourceDate "2008.06.24"]
[SourceVersion "1"]
[SourceVersionDate "2008.06.24"]
[SourceQuality "1"]

1. Nf3 Nf6 2. c4 c5 3. Nc3 Nc6 4. d4 cxd4 5. Nxd4 e6 6. a3 Be7 7. e4 0-0 8. Nf3 Qc7 9. Bg5 b6 10. Bd3 Bb7 11. 0-0 Rac8 12. Rc1 Qb8 13. Re1 h6 14. Bh4 d6 15. Nd2 Rfd8 16. Bf1 Nd7 17. Bg3 Bf6 18. b4 Nd4 19. f3 Nf8 20. Bf2 d5 21. exd5 exd5 22. cxd5 Bxd5 23. Bg3 Qb7 24. Nxd5 Qxd5 25. Ne4 Be7 26. Qa4 Rxc1 27. Rxc1 a5 28. Rc7 Nf5 29. Bf2 axb4 30. axb4 Ne6 31. Ra7 b5 32. Bxb5 Rc8 33. Bf1 1/2-1/2

[Event "IECG CM.2004.0.00265 email"]
[Site "IECG email"]
[Date "2005.01.16"]
[Round "?"]
[White "Constance, James"]
[Black "Docx, Stefan"]
[Result "1/2-1/2"]
[WhiteElo "2326"]
[BlackElo "2300"]
[PlyCount "63"]
[EventDate "2005.01.16"]
[EventType "tourn (corr)"]
[EventRounds "6"]
[SourceTitle "Corr 2008"]
[Source "ChessBase"]
[SourceDate "2008.06.24"]
[SourceVersion "1"]
[SourceVersionDate "2008.06.24"]
[SourceQuality "1"]

1. d4 d5 2. e3 c5 3. c4 e6 4. Nc3 Nc6 5. Nf3 Nf6 6. a3 a6 7. dxc5 Bxc5 8. b4 Bd6 9. Bb2 0-0 10. cxd5 exd5 11. Be2 Re8 12. 0-0 Bg4 13. h3 Bh5 14. Rc1 Rc8 15. Re1 Bb8 16. Na4 Ne4 17. Nc5 Qc7 18. Qxd5 Bxf3 19. Bxf3 Rcd8 20. Bxe4 Rxd5 21. Bxd5 Qh2+ 22. Kf1 Be5 23. Bxe5 Rxe5 24. Bxc6 bxc6 25. Nd3 Re8 26. f4 Qg3 27. Rxc6 g5 28. fxg5 Rxe3 29. Rxe3 Qxe3 30. Ne1 Qxa3 31. Rc4 Kg7 32. Rh4 1/2-1/2

[Event "CM.2004.0.00257"]
[Site "IECG"]
[Date "2004.10.10"]
[Round "?"]
[White "Lemanczyk, Thomas"]
[Black "Constance, James"]
[Result "0-1"]
[WhiteElo "2248"]
[BlackElo "2326"]
[PlyCount "26"]
[EventDate "2004.10.10"]
[EventType "tourn (corr)"]
[SourceTitle "Corr 2024"]
[Source "ChessBase"]
[SourceDate "2023.10.19"]
[SourceVersion "1"]
[SourceVersionDate "2023.10.19"]
[SourceQuality "1"]

1. d4 Nf6 2. c4 e5 3. dxe5 Ng4 4. Bf4 Bb4+ 5. Nd2 Nc6 6. Ngf3 Qe7 7. e3 Ngxe5 8. Nxe5 Nxe5 9. Be2 0-0 10. 0-0 Ng6 11. Bg3 Bd6 12. Bxd6 Qxd6 13. Ne4 Qe5 0-1

[Event "IECG CM.2004.0.00239 email"]
[Site "IECG email"]
[Date "2004.02.01"]
[Round "?"]
[White "Bardos, Istvan"]
[Black "Constance, James"]
[Result "1-0"]
[WhiteElo "2246"]
[BlackElo "2000"]
[PlyCount "77"]
[EventDate "2004.02.01"]
[EventType "tourn (corr)"]
[EventRounds "6"]
[SourceTitle "Corr 2008"]
[Source "ChessBase"]
[SourceDate "2008.06.24"]
[SourceVersion "1"]
[SourceVersionDate "2008.06.24"]
[SourceQuality "1"]

1. e4 e5 2. Bc4 Nc6 3. Nc3 Nf6 4. d3 Na5 5. Nge2 Nxc4 6. dxc4 Bc5 7. 0-0 d6 8. Bg5 Be6 9. Qd3 h6 10. Bxf6 Qxf6 11. Nd5 Bxd5 12. cxd5 0-0 13. Kh1 Rae8 14. c3 a6 15. Qh3 Qg6 16. Ng3 Qg5 17. Rad1 g6 18. Rd3 Kh7 19. Rf3 h5 20. b4 Ba7 21. Qd7 Re7 22. Qa4 h4 23. Ne2 Qd2 24. Ng1 Qb2 25. c4 Bd4 26. a3 Qa2 27. Qd1 Qxc4 28. Rh3 Kg7 29. Rxh4 Rh8 30. Rxh8 Kxh8 31. Ne2 c6 32. Qd2 c5 33. Rc1 Qb5 34. Qg5 Re8 35. Nxd4 exd4 36. bxc5 dxc5 37. e5 Qb2 38. d6 Qb5 39. h4 1-0

[Event "IECG CM.2004.0.00239 email"]
[Site "IECG email"]
[Date "2004.02.01"]
[Round "?"]
[White "Constance, James"]
[Black "Ciucurel, Sorin Marius"]
[Result "1-0"]
[WhiteElo "2000"]
[BlackElo "2115"]
[PlyCount "22"]
[EventDate "2004.02.01"]
[EventType "tourn (corr)"]
[EventRounds "6"]
[SourceTitle "Corr 2008"]
[Source "ChessBase"]
[SourceDate "2008.06.24"]
[SourceVersion "1"]
[SourceVersionDate "2008.06.24"]
[SourceQuality "1"]

1. e4 e5 2. d3 Nf6 3. f4 Nc6 4. Nf3 d5 5. Nxe5 dxe4 6. Nxc6 bxc6 7. Nc3 Bb4 8. Bd2 Qd4 9. Qe2 Bg4 10. Qf2 Qxf2+ 11. Kxf2 Be6 1-0

[Event "IECG CM.2004.0.00239 email"]
[Site "IECG email"]
[Date "2004.02.01"]
[Round "?"]
[White "Constance, James"]
[Black "Sacerdotali, Sergio"]
[Result "1-0"]
[WhiteElo "2000"]
[BlackElo "2281"]
[PlyCount "103"]
[EventDate "2004.02.01"]
[EventType "tourn (corr)"]
[EventRounds "6"]
[SourceTitle "Corr 2008"]
[Source "ChessBase"]
[SourceDate "2008.06.24"]
[SourceVersion "1"]
[SourceVersionDate "2008.06.24"]
[SourceQuality "1"]

1. d4 d5 2. e3 Nf6 3. Nf3 Bf5 4. c4 e6 5. Qb3 Qc8 6. Nc3 c6 7. Be2 Be7 8. 0-0 Qc7 9. Ne5 Nbd7 10. f4 h5 11. Bf3 Qb6 12. Qa4 Qb4 13. Qd1 h4 14. a3 Qb6 15. c5 Qc7 16. b4 b6 17. b5 bxc5 18. bxc6 Nxe5 19. dxe5 Ne4 20. Bxe4 dxe4 21. Qa4 Rc8 22. Rb1 Qxc6 23. Qxc6+ Rxc6 24. Rb8+ Bd8 25. Rd1 Ke7 26. Nb5 Rb6 27. Nxa7 Rxb8 28. Nc6+ Ke8 29. Nxb8 h3 30. g3 g5 31. Nc6 Be7 32. a4 gxf4 33. exf4 Bg4 34. Rd2 e3 35. Rb2 e2 36. Kf2 c4 37. Nxe7 Kxe7 38. Rb7+ Kf8 39. Rb8+ Kg7 40. Rxh8 Kxh8 41. Bd2 Bf5 42. Ke3 Bc2 43. a5 Ba4 44. a6 Bc6 45. a7 Kg7 46. Kxe2 Kf8 47. Ke3 Ke7 48. Bb4+ Kd7 49. Kd4 Bd5 50. f5 Bf3 51. g4 exf5 52. gxf5 1-0

[Event "IECG CA.2003.0.00085 email"]
[Site "IECG email"]
[Date "2003.02.19"]
[Round "?"]
[White "Constance, James"]
[Black "Taffijn, Aadrian"]
[Result "1-0"]
[WhiteElo "2000"]
[BlackElo "2072"]
[PlyCount "41"]
[EventDate "2003.02.19"]
[EventType "tourn (corr)"]
[EventRounds "6"]
[SourceTitle "Corr 2008"]
[Source "ChessBase"]
[SourceDate "2008.06.24"]
[SourceVersion "1"]
[SourceVersionDate "2008.06.24"]
[SourceQuality "1"]

1. e4 d5 2. exd5 Qxd5 3. Nc3 Qa5 4. d4 Nf6 5. Nf3 c6 6. Bc4 Bf5 7. Bd2 Qb6 8. Ne5 e6 9. Qe2 Qxd4 10. 0-0-0 Nbd7 11. Nxd7 Nxd7 12. Be3 Qh4 13. g3 Qe7 14. g4 Bg6 15. h4 h5 16. Bg5 f6 17. Bxe6 Ne5 18. Nb5 Rd8 19. Bf4 Bd3 20. cxd3 cxb5 21. Bf5 1-0

[Event "IECG CA.2003.0.00085 email"]
[Site "IECG email"]
[Date "2003.02.19"]
[Round "?"]
[White "Moon, John"]
[Black "Constance, James"]
[Result "1/2-1/2"]
[WhiteElo "2186"]
[BlackElo "2000"]
[PlyCount "62"]
[EventDate "2003.02.19"]
[EventType "tourn (corr)"]
[EventRounds "6"]
[SourceTitle "Corr 2008"]
[Source "ChessBase"]
[SourceDate "2008.06.24"]
[SourceVersion "1"]
[SourceVersionDate "2008.06.24"]
[SourceQuality "1"]

1. e4 e6 2. d4 d5 3. Nc3 Bb4 4. a3 Bxc3+ 5. bxc3 dxe4 6. f3 c5 7. Qd2 Nf6 8. Bb2 Nc6 9. fxe4 Nxe4 10. Qe3 Nd6 11. Nf3 0-0 12. dxc5 Nf5 13. Qf2 e5 14. Bd3 Qe7 15. 0-0 Nh6 16. h3 f6 17. Rae1 Be6 18. Bc1 Nf7 19. Nh4 Ng5 20. Nf5 Bxf5 21. Qxf5 g6 22. Qf2 f5 23. Bc4+ Kh8 24. Bd5 Ne4 25. Qe3 Rac8 26. c4 Nd4 27. Bxe4 fxe4 28. Rxf8+ Rxf8 29. Qxe4 Nc6 30. Qe3 Kg8 31. Bb2 Re8 1/2-1/2